FNAF 1 song Living Tombstone lyrics - Statistics

General Stats
  • This quiz has been taken 119 times
  • The average score is 120 of 313
Answer Stats
Answer % Correct
We're
97%
every
96%
night
96%
to
94%
waiting
93%
finally
91%
invite
89%
and
87%
to
84%
newcomers
83%
play
83%
roam
83%
us,
83%
with
83%
to
80%
all
79%
alone.
79%
been
79%
forced
79%
we've
79%
years
79%
for
77%
many
77%
We're
77%
be
76%
and
73%
play
73%
still
73%
same
71%
the
70%
we've
69%
day.
64%
songs
64%
that
64%
Don't
63%
since
63%
An
61%
away!
61%
known
61%
lock
61%
not
61%
our
61%
Please
61%
took
61%
us
61%
We're
61%
get
60%
let
60%
life
60%
Now
60%
to
60%
us
60%
we're
60%
away.
59%
decay.
59%
here
59%
imposter
59%
in!
59%
what
59%
stuck
57%
thinking.
57%
We're
57%
you're
57%
souls
56%
little
54%
poor
54%
all
51%
like
51%
who
51%
1987.
50%
and
50%
control
50%
lost
50%
to
50%
be
49%
forced
49%
have
49%
in
49%
little
49%
our
49%
since
49%
stuck
49%
zone
49%
friend
47%
Join
47%
our
47%
role.
47%
take
47%
that
47%
us,
47%
we're
47%
all
46%
alone,
46%
at
46%
been
46%
Five
46%
Freddy's.
46%
Nights
46%
or
46%
Is
44%
this
44%
We've
44%
where
44%
you
44%
you
44%
After
43%
all
43%
be
43%
be?
43%
do
43%
just
43%
to
43%
to
43%
want
43%
want
43%
you
43%
and
41%
at
41%
defend.
41%
don't
41%
Five
41%
Freddy's.
41%
get
41%
got
41%
I
41%
it.
41%
just
41%
Nights
41%
only
41%
stay
41%
stuck
41%
Why
41%
where
39%
here
37%
you
37%
be?
36%
Is
36%
this
36%
to
36%
want
36%
at
34%
do
34%
don't
34%
Five
34%
Freddy's?
34%
get
34%
I
34%
it.
34%
just
34%
Nights
34%
to
34%
want
34%
you
34%
stay
33%
We're
33%
Why
33%
get
31%
night.
31%
quite
31%
really
31%
this
31%
to
31%
to
31%
we
31%
you
31%
You
31%
You
31%
another
30%
good-bye.
30%
have
30%
have
30%
place
30%
said
30%
see
30%
should
30%
should
30%
another
29%
for
29%
job.
29%
looked
29%
surprised
29%
so
27%
more,
26%
much
26%
this
26%
We
26%
a
24%
been
24%
before.
24%
Don't
24%
get
24%
in
24%
maybe
24%
place
24%
there's
24%
you've
24%
away!
23%
doors.
23%
face
23%
in!
23%
let
23%
like
23%
like
23%
lock
23%
Please
23%
remember
23%
seem
23%
souls
23%
those
23%
us
23%
us
23%
what
23%
with
23%
You
23%
yours.
23%
all
21%
and
21%
at
21%
be?
21%
control
21%
do
21%
don't
21%
Five
21%
forced
21%
Freddy's.
21%
Freddy's.
21%
get
21%
have
21%
I
21%
Is
21%
it.
21%
It's
21%
just
21%
like
21%
little
21%
lost
21%
Nights
21%
not
21%
poor
21%
thinking!
21%
this
21%
to
21%
to
21%
to
21%
want
21%
want
21%
We're
21%
We're
21%
we're
21%
where
21%
who
21%
you
21%
you
21%
you're
21%
1987.
20%
at
20%
be
20%
be
20%
be?
20%
Five
20%
Five
20%
I
20%
Is
20%
just
20%
just
20%
Nights
20%
stay
20%
take
20%
this
20%
to
20%
want
20%
where
20%
Why
20%
you
20%
you
20%
after
19%
all
19%
all
19%
alone.
19%
and
19%
at
19%
been
19%
defend,
19%
do
19%
don't
19%
Freddy's
19%
friend,
19%
get
19%
got
19%
in
19%
it.
19%
Join
19%
little
19%
Nights
19%
only
19%
or
19%
our
19%
our
19%
role.
19%
since
19%
Stuck
19%
stuck
19%
that
19%
to
19%
us,
19%
want
19%
We've
19%
you
19%
zone
19%
acquainted
17%
here
17%
stay
17%
Why
17%
No matching quizzes found
Score Distribution
Percent of People with Each Score
Percentile by Number Answered
Your Score History
You have not taken this quiz